000 00483nam a2200169 a 4500
005 20210223124644.0
008 020815s1989 cu r 000 0 spa d
035 _aUPN01000118235
049 _aCG
050 4 _aML207 C8
_bC2.4a
100 1 _aCarpentier, Alejo,
_d1904-1980
_930823
245 1 3 _aLa música en Cuba /
_cAlejo Carpentier.
260 _aLa Habana :
_bPueblo y Educación,
_c1989.
300 _a346 p.
650 4 _aMUSICA -
_zCUBA -
_xHISTORIA Y CRITICA
905 _aLibro
999 _c90613
_d90613